| 000 | 01670nam a2200385Ia 4500 | ||
|---|---|---|---|
| 001 | dia_5756 | ||
| 003 | CHAP | ||
| 005 | 20251201133905.0 | ||
| 007 | ta | ||
| 008 | 220117s2009 mx adeofr 001 0 spa d | ||
| 040 |
_cCHAP _amxchpua |
||
| 090 |
_aT.C.509 _bP47 EIUPA _c2009 |
||
| 245 | 1 | 0 |
_aGrupo agroindustrial y alcoholero de México, S. A. de C. V. (AAMSA) / _ccoordinadores Arturo Pérez Román y Artemio Pérez López ; colaboradores Rosalva Alcántara Bernal...[et al.] |
| 260 |
_aMéxico : _bEl autor, _c2009 |
||
| 300 |
_acerca 100 hojas : _bilustraciones, gráficas, diagramas, tablas, fotos, planos |
||
| 336 |
_2rdacontent _atexto _btxt |
||
| 337 |
_2rdamedia _ano mediado _bn |
||
| 338 |
_2rdacarrier _avolumen _bnc |
||
| 500 | _a7° año Grupo 3 | ||
| 502 |
_aViaje de Estudios _b(EIUPA) -- _cUACh. Departamento de Ingeniería Agroindustrial, _d2009 |
||
| 504 | _aBibliografía: hoja 29 | ||
| 505 | _a6 planos -- 1. Plano distribución de áreas -- 2. Plano distribución de equipo -- 3. Diagrama de tuberías e instrumentación en la sala de consevas -- 4. Diagrama de tuberías e instrumentación filtro purificador de agua -- 5. Diagrama de flujo de proceso 1 -- 6. Diagrama de flujo de proceso 2 | ||
| 650 | 1 | 3 |
_aTequila _9112336 |
| 700 | 1 |
_aPérez López, Artemio _9149931 _ecoordinador |
|
| 700 | 1 |
_aPérez Román, Arturo _9148019 _ecoordinador |
|
| 700 | 1 |
_aAlcántara Bernal, Rosalva _ecolaboradora _93605 |
|
| 901 | _aT.C.509 P47 EIUPA 2009 | ||
| 902 | _aM | ||
| 905 | _a5232272009 mx edmn8223123322spa16 | ||
| 942 | _2local | ||
| 942 | _cVE | ||
| 999 |
_c176690 _d176690 |
||